| 000 | 00907nam a2200205Ia 4500 | ||
|---|---|---|---|
| 999 |
_c40422 _d40422 |
||
| 001 | 7030 | ||
| 003 | GE_BSU | ||
| 005 | 20231110103951.0 | ||
| 008 | 181216s2013||||ge |||||||||||||| ||geo|| | ||
| 040 | _cGE_BSU | ||
| 041 | _ageo | ||
| 080 | _a343(479.22)(094.4) ს-32 | ||
| 245 |
_aსაქართველოს სისხლის სამართლის კოდექსი : _bანბანურ - საგნობრივი საძიებლით 2013 წლის 10 მარტის მდგომარეობით. |
||
| 264 |
_aთბილისი : _bბონა კაუზა, _c2013. |
||
| 300 |
_a231 გვ. ; _c20 სმ. |
||
| 490 | _aიურისტის ბიბლიოთეკა | ||
| 541 | _h10ლ. | ||
| 653 | _aსაქართველოს სისხლის სამართლის კოდექსი | ||
| 942 |
_cBK _2udc |
||